Human Relations and Organisational Behaviour (Record no. 6259)
[ view plain ]
| 000 -LEADER | |
|---|---|
| fixed length control field | 00344nam a2200145Ia 4500 |
| 003 - CONTROL NUMBER IDENTIFIER | |
| control field | OSt |
| 008 - FIXED-LENGTH DATA ELEMENTS--GENERAL INFORMATION | |
| fixed length control field | 191201s2013 xx 000 0 und d |
| 082 ## - DEWEY DECIMAL CLASSIFICATION NUMBER | |
| Classification number | 658.3 |
| Item number | DWH |
| 100 ## - MAIN ENTRY--PERSONAL NAME | |
| Personal name | DWIVEDI, R.S. |
| 245 #0 - TITLE STATEMENT | |
| Title | Human Relations and Organisational Behaviour |
| 260 ## - PUBLICATION, DISTRIBUTION, ETC. (IMPRINT) | |
| Place of publication, distribution, etc | N. Delhi |
| Name of publisher, distributor, etc | Trinity |
| Date of publication, distribution, etc | 2013 |
| 300 ## - PHYSICAL DESCRIPTION | |
| Extent | 907 |
| 650 ## - SUBJECT ADDED ENTRY--TOPICAL TERM | |
| Topical term or geographic name as entry element | BBA |
| 942 ## - ADDED ENTRY ELEMENTS (KOHA) | |
| Source of classification or shelving scheme | Dewey Decimal Classification |
| Koha item type | Text Books |
| Withdrawn status | Lost status | Source of classification or shelving scheme | Damaged status | Not for loan | Collection code | Home library | Current library | Date acquired | Source of acquisition | Cost, normal purchase price | Bill Number | Total Checkouts | Full call number | Acc. no. / Barcode | Date last seen | Actual Cost, discounted price | Bill Date | Koha item type | Date last borrowed | Public note |
|---|---|---|---|---|---|---|---|---|---|---|---|---|---|---|---|---|---|---|---|---|
| Dewey Decimal Classification | BBA | PIET C-LIBRARY | PIET C-LIBRARY | 19/02/2015 | KIRTI PRAKASHAN, NEW DELHI | 595.00 | IN2205 | 658.3 DWH | 25669 | 04/12/2019 | 416.50 | 14/02/2015 | Text Books | |||||||
| Dewey Decimal Classification | BBA | PIET C-LIBRARY | PIET C-LIBRARY | 19/02/2015 | KIRTI PRAKASHAN, NEW DELHI | 595.00 | IN2205 | 2 | 658.3 DWH | 25670 | 15/07/2022 | 416.50 | 14/02/2015 | Text Books | 01/07/2022 | . | ||||
| Dewey Decimal Classification | BBA | PIET C-LIBRARY | PIET C-LIBRARY | 19/02/2015 | KIRTI PRAKASHAN, NEW DELHI | 595.00 | IN2205 | 1 | 658.3 DWH | 25671 | 08/02/2025 | 416.50 | 14/02/2015 | Text Books | 13/01/2024 | |||||
| Dewey Decimal Classification | BBA | PIET C-LIBRARY | PIET C-LIBRARY | 19/02/2015 | KIRTI PRAKASHAN, NEW DELHI | 595.00 | IN2205 | 2 | 658.3 DWH | 25672 | 11/05/2024 | 416.50 | 14/02/2015 | Text Books | 06/05/2024 | |||||
| Dewey Decimal Classification | BBA | PIET C-LIBRARY | PIET C-LIBRARY | 03/09/2015 | KIRTI PRAKASHAN, NEW DELHI | 495.00 | IN2288 | 658.3 DWH | 25766 | 04/12/2019 | 346.50 | 28/02/2015 | Reference Books |